000 00334nam a22001457a 4500
020 _a81-7655-102-3
082 _a001
_bBLU/M
100 _aBLUM, RAYMOND
245 _aMATH TRICKS, PUZZLES AND GAMES
260 _aNEW YORK
_bSTERLING PUBLISHING COMPANY
_c1994
300 _a125
520 _aPUZZLES
650 _aPUZZLES
942 _cBK
999 _c6708
_d6708